000 00599nam a22001937a 4500
005 20220709103026.0
008 220709b ||||| |||| 00| 0 eng d
040 _cAL
041 _aEnglish
082 _223
_a960
_bINDA
100 _aIndian council for cultural relations
_947898
245 _aAfrica Quarterly Vol 36 No 3 1996
260 _bIndian Council for Cultural Relations
_c1996
300 _a76 p.
_bPB
_c24x16 cm.
650 _aAfrican State System
_947899
650 _aReturn of Asians to Uganda
_947900
700 _aINDIAN COUNCIL FOR CULTURAL RELATIONS
_947901
942 _2ddc
_cGF
999 _c223669
_d223669